| 000 | 00670nam a2200193 i 4500 | ||
|---|---|---|---|
| 001 | 61617 | ||
| 003 | ES-MaACL | ||
| 005 | 20250712031712.0 | ||
| 007 | t| | ||
| 008 | 031113s1966 sp ||||1| spa d | ||
| 100 | 1 |
_aFábregas y Barri, Esteban. _948563 |
|
| 245 | 1 | 0 |
_aLloret de Mar _b: la historia marinera, el turismo, el espíritu / _cEsteban Fábregas y Barri ; [traducido del catalán por Fernando Gutiérrez]. |
| 250 | _a2ª ed. rev. y amp. | ||
| 260 |
_aMadrid : _bC.O.M.P.I, _c1966. |
||
| 300 |
_a287 p., 20 lám. : _bil. ; _c17 cm. |
||
| 700 | 1 |
_aGutiérrez, Fernando, _d1911-1984 _9156260 |
|
| 852 |
_aES-MaACL _jC-30629 _bR.70136 |
||
| 999 |
_c61617 _d61617 |
||